01661nab a22002657a 4500999001500000003000400015005001700019008004100036040000700077100003200084245011300116260007300229300001300302500007200315505053500387505008900922650003501011650005801046650004501104650002501149650003101174700003801205773013901243942001301382 c5674d5674OSt20251227011002.0190603e xxum|||| |||| 00| 0 spa d cPJ 91330aRivera, Julio César13aLa capacidad de los menores para disponer sobre su propio cuerpo /cJulio César Rivera, Alejo M. Gascón. cCiudad Autónoma de Buenos Aires :aThomson Reuters La Ley, b2025. ap. 21-36 aCita: TR LALEY AR/DOC/1786/2025 Publicado en: RCCyC 2025 (agosto). aSumario: I. Introducción.— II. La evolución del régimen de capacidad de los menores de edad: del Cód. Civil de 1869 al Cód. Civ. y Com. 2015.— III. La capacidad de los menores en el Cód. Civ. y Com.— IV. La capacidad de los menores con relación a la disposición de su propio cuerpo en el Cód. Civ. y Com.— V. Ley de Identidad de Género. Modificación por DNU.— VI. Jurisprudencia reciente sobre capacidad progresiva: del reconocimiento formal a la operatividad práctica.— VII. A modo de cierre.  t¿Te interesa el texto completo? Solicitalo al correo: koha@justierradelfuego.gov.ar 091497aCODIGO CIVIL Y COMERCIAL 092741aDERECHOS DE LAS NIÑAS, NIÑOS Y ADOLESCENTES 094305aDERECHO A LA IDENTIDAD DE GÉNERO 095585aCONSENTIMIENTO 094418aTRATAMIENTO MÉDICO 96047aGascón, Alejo M.ecoautor0 0271393170dCiudad Autónoma de Buenos Aires : Thomson Reuters La Ley, 2015-tRevista Código Civil y Comercial. Nº 4 - Agosto 2025 2udccANA